La Pala d'Oro di San Marco /

Bibliographic Details
Main Author: Lorenzoni, Giovanni
Format: Book
Language:Italian
Published: [Firenze] : Sadea/Sansoni, [©1965]
Series:Forma e colore ; 7.
Subjects:

MARC

Tag First Indicator Second Indicator Subfields
LEADER 00000cam a2200000 a 4500
001 in00000015830
005 20231205095821.0
008 921020s1965 it af b 000 0 ita d
019 |a 3947231  |a 41228366  |a 221315579  |a 610266591 
029 1 |a AU@  |b 000008124734 
029 1 |a AU@  |b 000009256702 
029 1 |a DEBBG  |b BV001951349 
029 1 |a DEBSZ  |b 06112527X 
029 1 |a GBVCP  |b 195924002 
029 1 |a UKBCI  |b 130340375 
029 1 |a UKBNS  |b 130340375 
029 1 |a UKSCO  |b 130340375 
029 1 |a UKSGC  |b 130340375 
029 1 |a UKSOM  |b 130340375 
029 1 |a UNITY  |b 130340375 
029 1 |a ZWZ  |b 018612725 
035 |a (OCoLC)ocm29958347  
035 |a (OCoLC)29958347  |z (OCoLC)3947231  |z (OCoLC)41228366  |z (OCoLC)221315579  |z (OCoLC)610266591 
035 |a (OCoLC)ocm29958347  
040 |a PAU  |b eng  |c PAU  |d YSM  |d NLGGC  |d OSU  |d AU@  |d DEBBG  |d IL4I4  |d GBVCP  |d OCLCQ  |d OCLCF  |d OCLCA  |d OCLCQ  |d OCLCO  |d OCLCA  |d OCLCQ  |d OCLCA  |d OCLCQ 
043 |a e-it--- 
050 4 |a NA5621.V5  |b L75 1965 
082 0 4 |a 729.91094531 
084 |a 20.31  |2 bcl 
084 |a 21.02  |2 bcl 
084 |a LH 65040  |2 rvk 
084 |a LN 75811  |2 rvk 
084 |a LN 75812  |2 rvk 
100 1 |a Lorenzoni, Giovanni. 
245 1 3 |a La Pala d'Oro di San Marco /  |c di Giovanni Lorenzoni. 
260 |a [Firenze] :  |b Sadea/Sansoni,  |c [©1965] 
300 |a [7] pages, 16 unnumbered leaves of plates :  |b color illustrations ;  |c 36 cm 
336 |a text  |b txt  |2 rdacontent 
337 |a unmediated  |b n  |2 rdamedia 
338 |a volume  |b nc  |2 rdacarrier 
490 1 |a Forma e colore ;  |v 7 
504 |a Includes bibliographical references (page 7). 
610 2 0 |a Basilica di San Marco (Venice, Italy) 
650 0 |a Altars  |z Italy  |z Venice. 
610 2 7 |a Basilica di San Marco (Venice, Italy)  |2 fast  |0 (OCoLC)fst00513806 
650 7 |a Altars.  |2 fast  |0 (OCoLC)fst00806095 
651 7 |a Italy  |z Venice.  |2 fast  |0 (OCoLC)fst01204473 
650 1 7 |a Altaarstukken.  |2 gtt 
650 1 7 |a Schilderijen.  |2 gtt 
650 1 7 |a San Marco (kerk, Venetië)  |2 gtt 
651 7 |a Venedig  |x San Marco  |x Pala d'Oro.  |0 (DE-588)4399429-5  |2 gnd 
651 7 |a Venedig  |x San Marco  |x Pala d'Oro.  |2 swd 
655 4 |a Bildband. 
655 7 |a Bildband.  |2 swd 
830 0 |a Forma e colore ;  |v 7. 
948 |h HELD BY TXA - 124 OTHER HOLDINGS 
994 |a Z0  |b TXA 
999 f f |s 6bb96363-a147-3e7a-991a-f974afa94770  |i 6e23413b-5bda-345d-802a-85d523ca18d6  |t 0 
952 f f |p ric  |a Texas A&M University  |b Rellis Campus  |c Joint Library Facility  |s JLF  |d Remote Storage  |t 0  |e NA5621.V5 L67 1965  |f Oversize  |h Library of Congress classification  |i unmediated -- volume  |m A14812585712